00320nam a2200109Ia 45000010005000000080041000050200022000460820017000681000023000852450049001082600053001571008241024s9999 xx 000 0 und d a978-9945-443-13-4 aRD/330/G953p aHugo Guiliani Cury 0aPensamiento y acción de Hugo Guiliani Cury bBanco Central de la República Dominicanac2008